Statistiken für Instagram Benutzernamen

Klicken Sie hier um das Quiz zu spielen!

Allgemein

  • Dieses Quiz wurde 2 mal gespielt
  • Das Durchschnittsergebnis liegt bei 9 aus 14

Antwortstatistiken

HintAntwort% Korrekt
2/2 semling_celi04
100%
Der Koboldder.bam
100%
Der driftende Raucherkaiminiken
100%
Die besten Kochrezepte auf Instagramkoch_mit_nietross
100%
Der Koch ganz privatnietross
100%
Nietross` persönlicher Prockerschuhbauerp
100%
Simon Kopalsimon.kpl
100%
Sophia Stonersophia.stnr
100%
Sedatsedat_ceki_33
50%
Vollbart, maximal 1,70sn250204
50%
die beste Katzenseite auf Instaexcellentmeows
0%
Der GOATleomessi
0%
1/2 semlingsophie.semling
0%
Stoners UK Accountsophiiaa.uk
0%

Verteilung der Resultate

Perzentil nach korrekt beantworteten Fragen

Anzahl Personen mit jedem Resultat

Ihre Resultats-Entwicklung

Sie haben dieses Quiz noch nicht gespielt